000 00346nam a2200145Ia 4500
005 20241106005504.0
008 240331s9999 xx 000 0 und d
082 _bFER
_a823
100 _aFernando, C
245 0 _aThree Women
260 _aColombo
_bLake House Investments Ltd
_c1983
300 _a55 p .,
500 _aShort Stories
942 _cL
999 _c3332
_d3332